Estudio de prefactibilidad para la instalación de una planta dedicada a la elaboración de paletas de helado orientadas a consumidores fitness durante el periodo 2022-2026
En este estudio su principal objetivo es la instalación de una planta dedicada a la elaboración de paletas de helados para consumidores fitness, donde se trata de evaluar de manera técnica, económica, y financiera la creación de esta planta.
| Main Authors: | , , |
|---|---|
| Other Authors: | |
| Format: | Tesis Section = Libro |
| Language: | Undetermined Spanish |
| Published: |
Managua
UNI
2021
|
| Subjects: |
| LEADER | 01362nam a2200313Ia 4500 | ||
|---|---|---|---|
| 008 | 240830s9999 xx 000 0 und d | ||
| 040 | |a BIBLIOTECA-RUPAP/ Mon 658.11 R758 | ||
| 041 | |a spa | ||
| 082 | |a Mon 658.11 R758 | ||
| 100 | 1 | |a Román Jarquín, Rebeca Leonela | |
| 100 | 1 | |b García Marín, Félix Alejandro | |
| 100 | 1 | |c Gaitán Bacon, Kenneth Moisés | |
| 245 | 1 | 0 | |a Estudio de prefactibilidad para la instalación de una planta dedicada a la elaboración de paletas de helado orientadas a consumidores fitness durante el periodo 2022-2026 |
| 260 | |a Managua |b UNI |c 2021 | ||
| 300 | |a 235 p. :il. | ||
| 500 | |a Contiene: anexos y CD. | ||
| 502 | |a Tesis (Ingeniero Industrial) - UNI, 2021. | ||
| 520 | 3 | |a En este estudio su principal objetivo es la instalación de una planta dedicada a la elaboración de paletas de helados para consumidores fitness, donde se trata de evaluar de manera técnica, económica, y financiera la creación de esta planta. | |
| 650 | 7 | |a EMPRESAS-PROYECTOS | |
| 650 | 7 | |b DESARROLLO DE NUEVOS PRODUCTOS | |
| 650 | 7 | |c NUEVAS EMPRESAS | |
| 650 | 7 | |d ESTUDIOS DE FACTIBILIDAD | |
| 650 | 7 | |e ESTUDIO DE MERCADO | |
| 650 | 7 | |f ESTUDIO FINANCIERO | |
| 650 | 7 | |g PALETAS DE HELADOS-INDUSTRIA Y COMERCIO | |
| 700 | 1 | |a Tutor: |b Vílchez Torres, Marcos Luis | |
| 942 | |c BK |2 ddc | ||
| 991 | |a TESIS | ||
| 999 | |c 19097 | ||